00367nam a2200157Ia 45000010006000000050017000060080041000230410008000640820015000721000033000872450036001202600009001563000028001656500008001936540008002012432520260414151035.0260414t2005||||xx |||||||||||||| ||spa|| aESP a345.3bF43 aFerrer Beltrán, JordieAUT 0aPrueba y verdad en el derechob c2005 a111 páginas :c24 cm. aDER aCDE